Application of competition law in the food sector in tehe European Union

Európska komisia a národné protimnonopolné úroady venujú zvýšenú pozornosť potravinárskemu sektoru najmä vzhľadom k stále rastúcim cenám potravín a narastajúcemu počtu prípadov protimonopolného správania sa medzi členmi dodavateľsko-odberateľského reťazca. Analýza aktuálnej situácie na európskej a n...

ver descrição completa

Na minha lista:
Detalhes bibliográficos
Autor principal: Musil, Aleš
Formato: Capítulo de Livro
Idioma:inglês
Assuntos:
Tags: Adicionar Tag
Sem tags, seja o primeiro a adicionar uma tag!

MARC

LEADER 00000naa a2200000 4500
001 0161961
005 20231128124824.7
041 0 |a eng 
044 |a CZ 
245 1 0 |a Application of competition law in the food sector in tehe European Union  |c Aleš Musil 
520 |a Európska komisia a národné protimnonopolné úroady venujú zvýšenú pozornosť potravinárskemu sektoru najmä vzhľadom k stále rastúcim cenám potravín a narastajúcemu počtu prípadov protimonopolného správania sa medzi členmi dodavateľsko-odberateľského reťazca. Analýza aktuálnej situácie na európskej a národnej úrovni. 
610 2 0 |a koncentrácia 
610 2 0 |a potraviny 
610 2 0 |a Európska únia 
610 2 0 |a Francúzsko 
610 2 0 |a Nemecko 
610 2 0 |a trh potravinový 
610 2 0 |a trh relevantný 
610 2 0 |a politika protimonopolná 
100 1 |a Musil, Aleš